000 003730000a22001570004500
001 000062
003 MACL
040 _aMACL
090 _c62
_d62
100 _aChenoy Mitra Shama,
245 _aShahjahanabad
_bA City Of Delhi 1638-1857
_cChenoy Mitra Shama
260 _aMunshiram manoharlal Publishers,
_c1998
350 _a475
650 _aHistory
942 _k900
_cBook
999 _c49369
_d49369